Catálogo de la Biblioteca Horacio González - Universidad Nacional de General Sarmiento

Gramática descriptiva de la lengua española : (Registro nro. 48146)

Detalles MARC
000 -CABECERA
campo de control de longitud fija 00999nac a22003250a 4500
001 - NÚMERO DE CONTROL
campo de control PT14122
003 - IDENTIFICADOR DEL NÚMERO DE CONTROL
campo de control AR-LpoUNG
005 - FECHA Y HORA DE LA ÚLTIMA TRANSACCIÓN
campo de control 20210201005014.0
008 - DATOS DE LONGITUD FIJA--INFORMACIÓN GENERAL
campo de control de longitud fija 201001s1999||||ag |||||||||||||||||spa d
020 ## - NÚMERO INTERNACIONAL ESTÁNDAR DEL LIBRO
Número Internacional Estándar del Libro 8423979172 (O.C.)
Condiciones de disponibilidad $24.11
020 ## - NÚMERO INTERNACIONAL ESTÁNDAR DEL LIBRO
Número Internacional Estándar del Libro 8423979202 (T.3)
Condiciones de disponibilidad $24.11
040 ## - FUENTE DE LA CATALOGACIÓN
Centro catalogador/agencia de origen AR-LpoUNG
Lengua de catalogación spa
Normas de descripción aacr
041 ## - CÓDIGO DE LENGUA
Código de lengua del texto/banda sonora o título independiente spa
044 ## - CÓDIGO DEL PAÍS DE LA ENTIDAD EDITORA/PRODUCTORA
Código MARC del país ag
082 0# - NÚMERO DE LA CLASIFICACIÓN DECIMAL DEWEY
Número de clasificación R400.4 741v3
100 1# - ENTRADA PRINCIPAL--NOMBRE DE PERSONA
Nombre de persona Bosque, Ignacio
Término indicativo de función/relación dir.
245 10 - MENCIÓN DE TÍTULO
Título Gramática descriptiva de la lengua española :
Resto del título entre la oración y el discurso, morfología
250 ## - MENCIÓN DE EDICIÓN
Mención de edición 1§ edición, 1§ reimp.
260 ## - PUBLICACIÓN, DISTRIBUCIÓN, ETC.
Lugar de publicación, distribución, etc. Buenos Aires :
Nombre del editor, distribuidor, etc. Espasa Calpe,
Fecha de publicación, distribución, etc. noviembre de 1999.
300 ## - DESCRIPCIÓN FÍSICA
Extensión [1850] p. :
Otras características físicas il.
Extensión (3
Tipo de unidad Volúmenes)
Especificación de materiales Impreso
490 0# - MENCIÓN DE SERIE
Mención de serie Gramática descriptiva de la lengua española
650 #4 - PUNTO DE ACCESO ADICIONAL DE MATERIA--TÉRMINO DE MATERIA
Término de materia o nombre geográfico como elemento de entrada DICCIONARIOS
650 #4 - PUNTO DE ACCESO ADICIONAL DE MATERIA--TÉRMINO DE MATERIA
Término de materia o nombre geográfico como elemento de entrada LEXICOGRAFIA
650 #4 - PUNTO DE ACCESO ADICIONAL DE MATERIA--TÉRMINO DE MATERIA
Término de materia o nombre geográfico como elemento de entrada MATERIAL DE REFERENCIA
650 #4 - PUNTO DE ACCESO ADICIONAL DE MATERIA--TÉRMINO DE MATERIA
Término de materia o nombre geográfico como elemento de entrada TERMINOLOGIA
700 1# - PUNTO DE ACCESO ADICIONAL--NOMBRE DE PERSONA
Nombre de persona Demonte, Violeta
Término indicativo de función/relación dir.
710 2# - PUNTO DE ACCESO ADICIONAL--NOMBRE DE ENTIDAD CORPORATIVA
Nombre de entidad corporativa o nombre de jurisdicción como elemento de entrada Academia Española (Madrid)
905 ## - ELEMENTOS DE DATOS E LOCAL, LDE (RLIN)
a 14122
942 ## - ELEMENTOS DE PUNTO DE ACCESO ADICIONAL (KOHA)
Tipo de ítem Koha Lectura en Sala
Existencias
Estado de retiro Estado de pérdida Estado dañado No para préstamo Código de colección Localización permanente Ubicación/localización actual Fecha de adquisición Total de préstamos Signatura topográfica completa Código de barras Fecha visto por última vez Precio válido a partir de Tipo de ítem Koha
        Colección Referencia Biblioteca Universidad Nacional de General Sarmiento Biblioteca Universidad Nacional de General Sarmiento 01/02/2021   400.4 741v3 S00016999 01/02/2021 01/02/2021 Lectura en Sala
        Colección Referencia Biblioteca Universidad Nacional de General Sarmiento Biblioteca Universidad Nacional de General Sarmiento 01/02/2021   400.4 741v3 S00017065 01/02/2021 01/02/2021 Lectura en Sala
        Colección Referencia Biblioteca Universidad Nacional de General Sarmiento Biblioteca Universidad Nacional de General Sarmiento 01/02/2021   400.4 741v3 S00026299 01/02/2021 01/02/2021 Lectura en Sala
        Colección Referencia Biblioteca Universidad Nacional de General Sarmiento Biblioteca Universidad Nacional de General Sarmiento 01/02/2021   400.4 741v3 S00026300 01/02/2021 01/02/2021 Lectura en Sala
        Colección Referencia Biblioteca Universidad Nacional de General Sarmiento Biblioteca Universidad Nacional de General Sarmiento 01/02/2021   400.4 741v3 S00026301 01/02/2021 01/02/2021 Lectura en Sala